Jak se bude obchodovat na burze v Praze.

Odpovede na otázky, ktorými predpismi sa bude riadiť obchodovanie na burze cenných papierov v Prahe, s ktorými druhmi cenných papierov bude burza obchodovať, ktoré trhy budú na burze otvorené, aké budú trhy objednávok a obchodný systém, podľa akých zásad sa bude stanoviť kurz (cena) a ako bude burza...

Descripción completa

Guardado en:
Detalles Bibliográficos
Autor principal: Pavlát, Vladislav
Formato: Capítulo de libro
Lenguaje:checo
Materias:
Etiquetas: Agregar Etiqueta
Sin Etiquetas, Sea el primero en etiquetar este registro!

MARC

LEADER 00000naa a2200000 4500
001 r011980
005 20220826093201.9
041 0 |a cze 
044 |a CZ 
245 1 0 |a Jak se bude obchodovat na burze v Praze.  |c V. Pavlát 
520 |a Odpovede na otázky, ktorými predpismi sa bude riadiť obchodovanie na burze cenných papierov v Prahe, s ktorými druhmi cenných papierov bude burza obchodovať, ktoré trhy budú na burze otvorené, aké budú trhy objednávok a obchodný systém, podľa akých zásad sa bude stanoviť kurz (cena) a ako bude burza informovať o cenách, ako sa má uskutočňovať vyporiadanie burzových obchodov, v čom sú prednosti systému pražskej burzy. 
610 2 0 |a burzy 
610 2 0 |a Česko 
610 2 0 |a obchody burzové 
610 2 0 |a BCP Praha 
610 2 0 |a kurz burzový 
100 1 |a Pavlát, Vladislav